Herrmann Antal cigány hiedelemekről, szokásokról írt német nyelvű néprajzi tanulmánya, gyűjtése

Elmentve itt :
Bibliográfiai részletek
Szerző: Herrmann Antal
Dokumentumtípus: Kézirat
Megjelent: 1911
Kulcsszavak:cigány néprajz, cigány néphit, cigánykutatás - 1910-es évek
Online Access:http://misc.bibl.u-szeged.hu/46697
LEADER 00678ntm a2200169 i 4500
001 misc46697
005 20201001112906.0
008 200422s1911 hu o 0|| ger d
040 |a SZTE Miscellanea Repozitórium  |b hun 
041 |a ger 
100 1 |a Herrmann Antal 
245 1 0 |a Herrmann Antal cigány hiedelemekről, szokásokról írt német nyelvű néprajzi tanulmánya, gyűjtése  |h [elektronikus dokumentum] /  |c  Herrmann Antal 
260 |c 1911 
300 |a 27 p. 
561 |a Herrmann Antal hagyaték 
695 |a cigány néprajz, cigány néphit, cigánykutatás - 1910-es évek 
856 4 0 |u http://misc.bibl.u-szeged.hu/46697/1/hermann_antal_boritek_003_002.pdf  |z Dokumentum-elérés